[Event "XXVIII Memorial Mistrza Blaszczaka Grupa C - MLODZICY"]
[Site "Wroclaw"]
[Date "1899-12-30"]
[Round "6.1"]
[White "Kawaler, Adam"]
[Black "Woloch, Oskar"]
[Result "1/2-1/2"]
[WhiteTitle "II+"]
[BlackTitle "II"]
[WhiteElo "1668"]
[BlackElo "1707"]

1. e4 e5 2. Nf3 f5 3. exf5 e4 4. Ne5 Nf6 5. Be2 Be7 6. Nc3 O-O 7. O-O d6 8. Ng4
Bxf5 9. Bc4+ Kh8 10. Nxf6 Bxf6 11. Bd5 Bxc3 12. Bxb7 Be5 13. Bxa8 Qh4 14. g3 Qh3
15. Qe2 Bg4 16. Qxe4 Bf3 17. Qxf3 Rxf3 18. Bxf3 Qf5 19. Bg2 Nd7 20. d4 Bxd4 21.
c3 Bb6 22. Be3 Ne5 23. Bxb6 axb6 24. Rae1 g6 25. Kh1 Qc2 26. f4 Ng4 27. h3 Nf6
28. g4 Qxb2 29. Re6 Qxc3 30. Rfe1 Ng8 31. Kh2 Qd2 32. R1e3 Qf2 33. Rf3 Qxa2 34.
f5 Qa1 35. Re8 1/2-1/2

[Event "XXVIII Memorial Mistrza Blaszczaka Grupa C - MLODZICY"]
[Site "Wroclaw"]
[Date "1899-12-30"]
[Round "6.2"]
[White "Frej, Zofia"]
[Black "Adamczewski, Maciej"]
[Result "0-1"]
[WhiteTitle "I"]
[BlackTitle "I"]
[WhiteElo "1545"]
[BlackElo "1824"]

1. d4 Nf6 2. Nf3 g6 3. e3 Bg7 4. Bd3 d6 5. c4 Nc6 6. h3 O-O 7. Nc3 e5 8. d5 Ne7
9. e4 Nd7 10. O-O f5 11. a3 f4 12. b4 h6 13. Bb2 g5 14. Rc1 Ng6 15. Nh2 Nf6 16.
Be2 Bd7 17. c5 a6 18. a4 Qe8 19. Bh5 Kh7 20. Bxg6+ Qxg6 21. f3 h5 22. Qe1 Bh6
23. Ra1 g4 24. hxg4 hxg4 25. fxg4 Bxg4 26. Nxg4 Nxg4 27. Rf3 Rg8 28. Qe2 Ne3 29.
Rf2 Raf8 30. Qf3 Ng4 31. Rff1 Qh5 32. Qh3 Qxh3 33. gxh3 Ne3+ 34. Kh1 Nxf1 35.
Rxf1 Rg3 36. Kh2 Rfg8 37. Rf2 f3 38. cxd6 cxd6 39. Nd1 Bf4 0-1

[Event "XXVIII Memorial Mistrza Blaszczaka Grupa C - MLODZICY"]
[Site "Wroclaw"]
[Date "1899-12-30"]
[Round "6.3"]
[White "Pultorak, Jan"]
[Black "Holownia, Michal"]
[Result "1-0"]
[WhiteTitle "I"]
[BlackTitle "II"]
[WhiteElo "1851"]
[BlackElo "1521"]

1. b3 d5 2. Bb2 c5 3. e3 Nc6 4. Bb5 Qc7 5. Nf3 a6 6. Bxc6+ bxc6 7. h3 Nf6 8. d3
a5 9. O-O e6 10. Nbd2 Be7 11. Qe2 O-O 12. e4 d4 13. e5 Nd5 14. Nh2 f6 15. Nc4
f5 16. f4 Ba6 17. Rf3 Bc8 18. Raf1 Bd7 19. g4 Be8 20. Qg2 Bg6 21. Kh1 Qd8 22.
a4 Qe8 23. g5 Rb8 24. h4 Bh5 25. R3f2 Ne3 26. Nxe3 dxe3 27. Re2 Bxe2 28. Qxe2
Bd8 29. Qxe3 Bb6 30. Ba3 Qd7 31. Nf3 Rfd8 32. Qe2 Qd5 33. Kh2 Ba7 34. Nd2 Qd4
35. Nc4 Rb7 36. Nxa5 Rc7 37. Nc4 Bb8 38. Bb2 Qd7 39. a5 Ra7 40. Ba3 Qe7 41. Qe3
Rd4 42. c3 Rxc4 43. bxc4 Rxa5 44. Ra1 Ba7 45. Qd2 Bb6 46. Bb2 Qa7 47. Rxa5 Qxa5
48. Bc1 Kf8 49. Qb2 Kf7 50. Kg3 Bc7 51. Qb7 Qb6 52. Qc8 Bd8 53. Qd7+ Kf8 54. Ba3
Be7 55. Qxe6 g6 56. Qc8+ Qd8 57. Qxd8+ Bxd8 58. Bxc5+ Kf7 59. d4 Ke6 60. Kf3 Ba5
61. Bb4 Bc7 62. Ke3 Bb6 63. Kd3 Bc7 64. Kc2 Bd8 65. Kb3 Bc7 66. Ka4 Bb6 67. c5
Bc7 68. c4 Bd8 69. Ba5 1-0

[Event "XXVIII Memorial Mistrza Blaszczaka Grupa C - MLODZICY"]
[Site "Wroclaw"]
[Date "1899-12-30"]
[Round "6.4"]
[White "Mastalarz, Jozef"]
[Black "Miszkielo, Bartosz"]
[Result "0-1"]
[WhiteTitle "II"]
[BlackTitle "II+"]
[WhiteElo "1510"]
[BlackElo "1618"]

1. Nc3 Nf6 2. e4 e5 3. f4 d6 4. Nf3 Nc6 5. d4 Bg4 6. dxe5 dxe5 7. Be2 Qxd1+ 8.
Bxd1 Bxf3 9. gxf3 Bd6 10. f5 Bc5 11. Na4 Bb6 12. Nxb6 axb6 13. Rg1 Rg8 14. c3
Ke7 15. Ke2 b5 16. Be3 b6 17. Bb3 Na5 18. Bg5 h6 19. Bh4 Nxb3 20. axb3 Rxa1 21.
Rxa1 g5 22. Bg3 Nd7 23. b4 h5 24. b3 h4 25. Bf2 Nf6 26. Rg1 Kd6 27. Be3 g4 28.
fxg4 Nxe4 29. Kd3 Nf6 30. h3 e4+ 31. Kc2 Nd5 32. Bf2 Ke5 33. Bxh4 Ne3+ 34. Kd2
Nxf5 35. Bg3+ Nxg3 36. Rxg3 f5 37. Rg1 f4 38. h4 e3+ 39. Ke2 Ke4 40. Rd1 f3+ 41.
Ke1 Rxg4 42. Rd4+ Kf5 43. Rd5+ Ke6 44. Rg5 Rxg5 45. hxg5 Kf5 46. c4 Kxg5 47. cxb5
Kg4 48. Kf1 Kg3 49. Ke1 e2 50. Kd2 0-1

[Event "XXVIII Memorial Mistrza Blaszczaka Grupa C - MLODZICY"]
[Site "Wroclaw"]
[Date "1899-12-30"]
[Round "6.5"]
[White "Laszczak, Przemyslaw"]
[Black "Wrobel, Michal"]
[Result "1-0"]
[WhiteTitle "II+"]
[BlackTitle "II"]
[WhiteElo "1507"]
[BlackElo "1590"]

1. d4 e6 2. c4 Nf6 3. Nf3 d5 4. Nc3 Be7 5. Bg5 O-O 6. e3 Nbd7 7. Bd3 c6 8. O-O
dxc4 9. Bxc4 h6 10. Bh4 Nb6 11. Bd3 Nfd5 12. Bxe7 Qxe7 13. Qd2 Bd7 14. e4 Nxc3
15. bxc3 c5 16. Rac1 c4 17. Bc2 Bc6 18. Rfe1 Qc7 19. e5 Bd5 20. Be4 Qe7 21. Qe2
Bxe4 22. Qxe4 Nd5 23. Nd2 b5 24. a4 a6 25. Qf3 Qa3 26. axb5 axb5 27. Qg3 Ra7 28.
Ne4 Rfa8 29. Nf6+ Nxf6 30. exf6 g6 31. h4 Kh7 32. Rb1 Rb7 33. Qf3 Raa7 34. h5
g5 35. Qe4+ Kg8 36. Qe3 b4 37. cxb4 Qxe3 38. fxe3 Ra3 39. Ra1 Rb3 40. Ra8+ Kh7
41. Rc1 R7xb4 42. Rf8 Rxe3 43. Rxf7+ Kg8 44. Rg7+ Kf8 45. Ra1 Rb8 46. Raa7 c3
47. Rh7 Kg8 48. Rag7+ 1-0

[Event "XXVIII Memorial Mistrza Blaszczaka Grupa C - MLODZICY"]
[Site "Wroclaw"]
[Date "1899-12-30"]
[Round "6.6"]
[White "Oglaza, Oskar"]
[Black "Sekowska, Helena"]
[Result "1/2-1/2"]
[WhiteTitle "II"]
[BlackTitle "II+"]
[WhiteElo "1534"]
[BlackElo "1459"]

1. e4 c5 2. Nf3 e6 3. d4 cxd4 4. Nxd4 Nf6 5. Bd3 Nc6 6. Nxc6 bxc6 7. Nd2 d5 8.
Qe2 g6 9. O-O Bg7 10. f4 O-O 11. Rb1 c5 12. b3 Qb6 13. c4 dxe4 14. Nxe4 Bb7 15.
Nxf6+ Bxf6 16. Bb2 Bxb2 17. Rxb2 Qd6 18. Qe3 Rfd8 19. Be4 Bxe4 20. Qxe4 Rab8 21.
Re2 Qd4+ 22. Qxd4 Rxd4 23. g3 Rbd8 24. Rfe1 Kf8 25. Kf2 a5 26. Re5 Rd2+ 27. R1e2
Rxe2+ 28. Kxe2 Rc8 29. g4 Ke7 30. g5 f6 31. gxf6+ Kxf6 32. h4 Ke7 33. h5 Kd6 34.
Ke3 Rg8 35. Rg5 Rg7 36. Kf3 Rg8 37. Rg3 Rg7 38. Ke4 Rg8 39. hxg6 hxg6 40. Rd3+
Ke7 41. Ke5 g5 42. Rg3 g4 43. Rg2 Rg7 44. Rg3 1/2-1/2

[Event "XXVIII Memorial Mistrza Blaszczaka Grupa C - MLODZICY"]
[Site "Wroclaw"]
[Date "1899-12-30"]
[Round "6.7"]
[White "Kalinowska, Karolina"]
[Black "Lascar, Maria Elena"]
[Result "1/2-1/2"]
[WhiteTitle "I"]
[BlackTitle "II"]
[WhiteElo "1475"]
[BlackElo "1320"]

1. e4 c5 2. Nf3 e6 3. d4 cxd4 4. Nxd4 Nf6 5. Nc3 Qb6 6. Be3 Qxb2 7. Ndb5 Qb4 8.
Qd4 Qxd4 9. Bxd4 Kd8 10. Be5 Ne8 11. Bxb8 Rxb8 12. Nxa7 Bb4 13. Kd2 Nd6 14. f3
f6 15. Nab5 Nxb5 16. Bxb5 b6 17. Rab1 Bxc3+ 18. Kxc3 Kc7 19. Rhe1 Bb7 20. e5 Bc6
21. Bxc6 Kxc6 22. Rbd1 Rhd8 23. Re4 b5 24. Rh4 fxe5 25. Rxh7 Rg8 26. Rh4 g5 27.
Rh7 Rbd8 28. Kb3 d5 29. Re1 Kd6 30. Rb7 Rb8 31. Rxb8 Rxb8 32. Kb4 Ra8 33. a3 Ra4+
34. Kxb5 Rxa3 35. Kb4 Ra8 36. h3 Rc8 37. Kb3 Rc4 38. Re3 Rd4 39. Rd3 Rxd3+ 40.
cxd3 e4 41. dxe4 dxe4 42. fxe4 Ke5 43. g3 Kxe4 44. h4 gxh4 45. gxh4 Kf5 46. Kc4
1/2-1/2

[Event "XXVIII Memorial Mistrza Blaszczaka Grupa C - MLODZICY"]
[Site "Wroclaw"]
[Date "1899-12-30"]
[Round "6.8"]
[White "Czarniecka, Aleksandra"]
[Black "Korolewicz, Pawel"]
[Result "1-0"]
[WhiteTitle "II"]
[BlackTitle "II"]
[WhiteElo "1264"]
[BlackElo "1343"]

1. e4 e5 2. Nf3 Nc6 3. Bb5 f5 4. Nc3 Bc5 5. O-O Nf6 6. d3 d6 7. Bg5 h6 8. Bxf6
gxf6 9. Nh4 Qd7 10. Nd5 Qf7 11. Qf3 f4 12. Bc4 h5 13. h3 Be6 14. Nxc7+ Qxc7 15.
Bxe6 Nd4 16. Qd1 Nxe6 17. Nf5 O-O-O 18. a4 Nd4 19. Nxd4 exd4 20. Qd2 d5 21. b4
Bd6 22. exd5 Qg7 23. Qe2 Rhg8 24. Qe6+ Kc7 25. Qe4 Rde8 26. Qf3 Bxb4 27. Rab1
Bd6 28. Rb2 Re5 29. Rfb1 b6 30. a5 Bc5 31. axb6+ Bxb6 32. Kf1 Kd7 33. Ra2 Kd6
34. Ra6 Qb7 35. Qxf4 Qxd5 36. Qxf6+ Re6 37. Raxb6+ axb6 38. Rxb6+ Kc5 39. Rxe6
Qxg2+ 40. Ke2 Rg5 41. Re5+ Rxe5+ 42. Qxe5+ Kb6 43. Qxd4+ Kc7 44. Qe5+ Kc8 45.
Qf5+ Kb8 46. Qf4+ Ka7 47. Qc7+ Ka6 48. Qg3 Qh1 49. Qg6+ Ka7 50. Qh7+ Kb8 51. Qe4
Qxh3 52. Qf4+ Kc8 53. Qc4+ Kb8 54. Qb5+ Ka8 55. Qd5+ Kb8 56. Qg8+ Ka7 57. Qg7+
Ka8 58. Qg3 Qe6+ 59. Qe3 Qa2 60. Qe4+ Ka7 61. Qd4+ Ka8 62. Qc4 Qa1 63. Qd5+ Ka7
64. Qxh5 Qc1 65. Qf7+ Ka8 66. Qe8+ Ka7 67. Qe3+ 1-0

[Event "XXVIII Memorial Mistrza Blaszczaka Grupa C - MLODZICY"]
[Site "Wroclaw"]
[Date "1899-12-30"]
[Round "6.9"]
[White "Lipski, Lukasz"]
[Black "Musiala, Jakub"]
[Result "1-0"]
[WhiteTitle "II+"]
[BlackTitle "II"]
[WhiteElo "1593"]
[BlackElo "1390"]

1. e4 c5 2. Nf3 e6 3. d4 cxd4 4. Nxd4 a6 5. c4 Nf6 6. f3 Qc7 7. Nc3 Nc6 8. Be3
Bb4 9. Qb3 Qb6 10. Nf5 Bxc3+ 11. Qxc3 Qb4 12. Nxg7+ Kd8 13. Qxb4 Nxb4 14. Bb6+
Ke7 15. Bc5+ d6 16. Bxb4 Kf8 17. e5 Kxg7 18. exf6+ Kxf6 19. Bxd6 Rd8 20. O-O-O
Re8 21. c5 Bd7 22. Be5+ Kxe5 23. Rxd7 Rac8 24. b4 Red8 25. Rxb7 Rd4 26. Bxa6 1-0

[Event "XXVIII Memorial Mistrza Blaszczaka Grupa C - MLODZICY"]
[Site "Wroclaw"]
[Date "1899-12-30"]
[Round "6.10"]
[White "Tokarz, Krzysztof"]
[Black "Koza, Jan"]
[Result "1-0"]
[WhiteTitle "II"]
[BlackTitle "III"]
[WhiteElo "1465"]
[BlackElo "1255"]

1. Nf3 Nc6 2. g3 Nf6 3. Bg2 e5 4. d3 h6 5. O-O Bc5 6. a3 O-O 7. b4 Bb6 8. c4 Bd4
9. Nxd4 exd4 10. Bb2 Rb8 11. b5 Ne7 12. Bxd4 Nf5 13. Bb2 b6 14. Nd2 d6 15. Nb3
Bb7 16. Bxb7 Rxb7 17. Nd4 Nxd4 18. Bxd4 Ng4 19. e3 Qg5 20. Qf3 Rbb8 21. h3 Ne5
22. Bxe5 Qxe5 23. d4 Qe6 24. Qd5 Qxh3 25. a4 Rfd8 26. a5 Qg4 27. axb6 axb6 28.
Ra7 Rbc8 29. Kg2 Qe2 30. Rfa1 h5 31. R1a2 Qg4 32. f3 Qg6 33. Qe4 Qf6 34. Ra1 Re8
35. Qd3 h4 36. Rh1 hxg3 37. Rh3 Qg5 38. f4 Qf6 39. Ra1 Ra8 40. Rxa8 Rxa8 41. Qh7+
1-0

[Event "XXVIII Memorial Mistrza Blaszczaka Grupa C - MLODZICY"]
[Site "Wroclaw"]
[Date "1899-12-30"]
[Round "6.13"]
[White "Joniak, Grzegorz"]
[Black "Kraszewska, Barbara"]
[Result "0-1"]
[WhiteTitle "II"]
[BlackTitle "II"]
[WhiteElo "1314"]
[BlackElo "1269"]

1. e4 c5 2. c3 d6 3. d4 cxd4 4. cxd4 Nf6 5. Nc3 a6 6. g3 e6 7. Bg2 Be7 8. Nge2
O-O 9. O-O Nc6 10. Bd2 Bd7 11. Qc2 Rc8 12. f4 Qb6 13. Na4 Qa7 14. Qd3 Nxd4 15.
Qxd4 Qxd4+ 16. Nxd4 Bxa4 17. e5 dxe5 18. fxe5 Nd5 19. Bxd5 exd5 20. Nf5 Bc5+ 21.
Kg2 Rfe8 22. Rfe1 Bd7 23. Nd6 Bxd6 24. exd6 h6 25. Re7 Rxe7 26. dxe7 Rc2 27. Rd1
Be8 28. Kf3 f6 29. Bc3 Kf7 30. Re1 Rxh2 31. Re3 Rh5 32. Bb4 d4 33. Rd3 a5 34.
Ba3 Rd5 35. Ke4 Rd7 36. Rxd4 Rxd4+ 37. Kxd4 b5 38. Bd6 g5 39. g4 Ke6 40. Kc5 Kf7
41. Kd4 Kg6 42. Kc5 f5 43. gxf5+ Kxf5 44. Kb6 a4 45. Kc7 Ke6 46. Kd8 Kf7 47. Be5
g4 48. Bf4 h5 49. Bg3 b4 50. a3 bxa3 51. bxa3 Bb5 52. Bh4 Ke6 53. Kc7 Kf5 54.
Kd6 Kf4 55. Ke6 g3 56. Kf6 g2 57. Bf2 h4 58. Bg1 h3 59. Bh2+ Kf3 60. Kf7 Kf2 0-1

[Event "XXVIII Memorial Mistrza Blaszczaka Grupa C - MLODZICY"]
[Site "Wroclaw"]
[Date "1899-12-30"]
[Round "7.1"]
[White "Adamczewski, Maciej"]
[Black "Woloch, Oskar"]
[Result "1-0"]
[WhiteTitle "I"]
[BlackTitle "II"]
[WhiteElo "1824"]
[BlackElo "1707"]

1. e4 e5 2. Nf3 Nc6 3. Bc4 Nf6 4. d3 Bc5 5. c3 a6 6. Nbd2 Ba7 7. O-O O-O 8. h3
d6 9. Re1 Ne7 10. Nf1 Ng6 11. Ng3 c6 12. Bg5 h6 13. Be3 Bxe3 14. fxe3 d5 15. exd5
cxd5 16. Bb3 Qc7 17. e4 dxe4 18. Nxe4 Nxe4 19. Rxe4 Bf5 20. Re3 Rad8 21. d4 exd4
22. Nxd4 Bd7 23. Qc2 Nf4 24. Rf1 g5 25. Rg3 Kg7 26. Qf2 Kh8 27. Re3 Be6 28. h4
Bxb3 29. axb3 Qc5 30. Rfe1 Qc8 31. Qg3 Rg8 32. hxg5 Nxg2 33. Qh2 Rg6 34. Kxg2
Rxg5+ 35. Kf2 Kh7 36. Rh1 Rd6 37. Qxd6 1-0

[Event "XXVIII Memorial Mistrza Blaszczaka Grupa C - MLODZICY"]
[Site "Wroclaw"]
[Date "1899-12-30"]
[Round "7.2"]
[White "Miszkielo, Bartosz"]
[Black "Pultorak, Jan"]
[Result "1-0"]
[WhiteTitle "II+"]
[BlackTitle "I"]
[WhiteElo "1618"]
[BlackElo "1851"]

1. e4 c5 2. Nf3 d6 3. Bb5+ Bd7 4. Bxd7+ Qxd7 5. c4 Nc6 6. Nc3 g6 7. d4 cxd4 8.
Nxd4 Bg7 9. Be3 Nf6 10. f3 a6 11. Rc1 O-O 12. O-O Nxd4 13. Bxd4 b5 14. Nd5 Nxd5
15. cxd5 Rfc8 16. Bxg7 Kxg7 17. Qd4+ Kg8 18. Rfd1 Qb7 19. a3 a5 20. b3 Rc7 21.
Rc3 Rxc3 22. Qxc3 b4 23. axb4 Rc8 24. Qd4 axb4 25. Ra1 Qb5 26. h3 Qc5 27. Qxc5
dxc5 28. Rc1 Ra8 29. Rxc5 Ra3 30. Rb5 Rxb3 31. Kf2 Rb1 32. Ke3 Rg1 33. g4 Rh1
34. Rxb4 Rxh3 35. e5 Rh1 36. d6 exd6 37. exd6 Rd1 38. Rd4 Rxd4 39. Kxd4 Kf8 40.
Ke5 Ke8 41. g5 Kd7 42. f4 Kc6 43. Kf6 Kxd6 44. Kxf7 Kd5 45. Kg7 Ke4 46. Kxh7 Kxf4
47. Kxg6 1-0

[Event "XXVIII Memorial Mistrza Blaszczaka Grupa C - MLODZICY"]
[Site "Wroclaw"]
[Date "1899-12-30"]
[Round "7.3"]
[White "Frej, Zofia"]
[Black "Kawaler, Adam"]
[Result "1-0"]
[WhiteTitle "I"]
[BlackTitle "II+"]
[WhiteElo "1545"]
[BlackElo "1668"]

1. d4 d5 2. Nf3 e6 3. e3 c5 4. b3 Nc6 5. Bb2 b6 6. Bd3 Nf6 7. Nbd2 Bb7 8. O-O Bd6
9. Ne5 Bxe5 10. dxe5 Nd7 11. f4 Nb4 12. Qg4 g6 13. e4 Nxd3 14. cxd3 dxe4 15. Nxe4
Bxe4 16. dxe4 h6 17. f5 Qg5 18. Qh3 O-O-O 19. fxe6 fxe6 20. Qxe6 Qe3+ 21. Kh1
Qxe4 22. Rae1 Rhf8 23. Rg1 Qc2 24. Qc6+ Kb8 25. e6 Rfe8 26. exd7 Rxe1 27. Rxe1
Qxb2 28. Qd6+ Kb7 29. h3 Qd4 30. Qxg6 Rxd7 31. Qxh6 Qf2 32. Qe6 Qd4 33. Qe4+ Ka6
34. h4 Qxe4 35. Rxe4 Kb7 36. h5 Kc6 37. h6 Rh7 38. Rh4 Kd6 39. Kh2 Ke5 40. Kg3
a5 41. Kg4 Kf6 42. Kh5 b5 43. g4 Rh8 44. g5+ Kf7 45. Rf4+ Ke6 46. g6 a4 47. bxa4
c4 48. g7 Rc8 49. h7 Rc5+ 50. Kg4 c3 51. g8=Q+ 1-0

[Event "XXVIII Memorial Mistrza Blaszczaka Grupa C - MLODZICY"]
[Site "Wroclaw"]
[Date "1899-12-30"]
[Round "7.4"]
[White "Holownia, Michal"]
[Black "Laszczak, Przemyslaw"]
[Result "1/2-1/2"]
[WhiteTitle "II"]
[BlackTitle "II+"]
[WhiteElo "1521"]
[BlackElo "1507"]

1. e4 e6 2. d4 d5 3. Nc3 dxe4 4. Nxe4 Nd7 5. Nf3 Ngf6 6. Bd3 Nxe4 7. Bxe4 Nf6 8.
Bd3 c5 9. c3 Be7 10. O-O O-O 11. Qc2 b6 12. Bg5 h6 13. Bxf6 Bxf6 14. Rad1 cxd4
15. Nxd4 Bxd4 16. Bh7+ Kh8 17. Rxd4 Qe7 18. Be4 Ba6 19. Rfd1 Rad8 20. Qa4 Bc8
21. Bb1 e5 22. Rd5 Rxd5 23. Rxd5 Rd8 24. Qe4 f5 25. Qd3 Rxd5 26. Qxd5 Qd7 27.
Qxd7 Bxd7 28. Kf1 Kg8 29. Ke2 Kf7 30. c4 Ke6 31. f3 a5 32. Kd3 Kd6 33. Kc3 g5
34. a3 h5 35. b4 g4 36. Bc2 a4 37. Bd1 gxf3 38. gxf3 h4 39. Bc2 f4 40. Be4 Be6
1/2-1/2

[Event "XXVIII Memorial Mistrza Blaszczaka Grupa C - MLODZICY"]
[Site "Wroclaw"]
[Date "1899-12-30"]
[Round "7.5"]
[White "Sekowska, Helena"]
[Black "Czarniecka, Aleksandra"]
[Result "1-0"]
[WhiteTitle "II+"]
[BlackTitle "II"]
[WhiteElo "1459"]
[BlackElo "1264"]

1. e4 c5 2. Nf3 d6 3. c3 Nf6 4. Be2 Nxe4 5. Qa4+ Nd7 6. Qxe4 Nf6 7. Bb5+ Nd7 8.
O-O e6 9. d4 cxd4 10. Nxd4 Be7 11. Re1 a6 12. Ba4 Qa5 13. Bxd7+ Kxd7 14. Nxe6
Bf6 15. Nd4 Qc7 16. Bf4 g6 17. Nf3 b5 18. Qxa8 Bb7 19. Qa7 Ra8 20. Qe3 Rd8 21.
Nbd2 Kc8 22. Ne4 Be7 23. Rad1 f5 24. Neg5 Bxg5 25. Bxg5 Rf8 26. Qe6+ Kb8 27. Qxd6
Qxd6 28. Rxd6 Kc7 29. Rde6 Bxf3 30. gxf3 Kb7 31. Re7+ Kb6 32. R1e6+ Kc5 33. Be3+
Kd5 34. Re5+ Kc6 35. R7e6+ Kb7 36. Rd5 Rc8 37. Rd7+ Rc7 38. Rxc7+ Kxc7 39. Rxa6
Kd8 40. Ra7 h5 41. a4 bxa4 42. Rxa4 1-0

[Event "XXVIII Memorial Mistrza Blaszczaka Grupa C - MLODZICY"]
[Site "Wroclaw"]
[Date "1899-12-30"]
[Round "7.6"]
[White "Lipski, Lukasz"]
[Black "Oglaza, Oskar"]
[Result "1-0"]
[WhiteTitle "II+"]
[BlackTitle "II"]
[WhiteElo "1593"]
[BlackElo "1534"]

1. e4 c5 2. Nf3 d6 3. d4 cxd4 4. Nxd4 Nf6 5. f3 a6 6. c4 e6 7. Nc3 Qc7 8. Be3 Nbd7
9. Be2 b6 10. O-O Bb7 11. Qc2 Rc8 12. Rac1 Be7 13. f4 Nc5 14. Bf3 Ncd7 15. b3
Nc5 16. f5 e5 17. Nde2 Qc6 18. Nd5 Nxd5 19. cxd5 Qd7 20. Nc3 Qc7 21. Na4 b5 22.
b4 bxa4 23. bxc5 dxc5 24. Qxa4+ Qd7 25. Qxd7+ Kxd7 26. f6 Bxf6 27. Bg4+ Kd6 28.
Bxc8 Rxc8 29. Rb1 Rc7 30. Rb6+ Kd7 31. d6 Rc6 32. Rxb7+ Kxd6 33. Rxf7 Ke6 34.
R1xf6+ gxf6 35. Rxh7 c4 36. Rb7 c3 37. Rb1 Rc4 38. Rc1 Rxe4 39. Rxc3 Ra4 40. a3
f5 41. Bc5 Kd5 42. Bb4 a5 43. Be7 Kd4 44. Rf3 Ke4 45. h4 Rd4 46. h5 Rd7 47. Bf8
Rh7 48. h6 f4 49. Bg7 a4 50. Rc3 Kd4 51. Rc8 Kd5 52. Rh8 Rxh8 53. Bxh8 e4 54.
Bc3 e3 55. h7 Kc4 56. h8=Q Kb3 57. Qd4 Ka2 58. Qb4 e2 59. Qb2# 1-0

[Event "XXVIII Memorial Mistrza Blaszczaka Grupa C - MLODZICY"]
[Site "Wroclaw"]
[Date "1899-12-30"]
[Round "7.7"]
[White "Wrobel, Michal"]
[Black "Tokarz, Krzysztof"]
[Result "1/2-1/2"]
[WhiteTitle "II"]
[BlackTitle "II"]
[WhiteElo "1590"]
[BlackElo "1465"]

1. e4 e6 2. d4 d5 3. exd5 exd5 4. Bd3 Bd6 5. Ne2 Ne7 6. Nbc3 O-O 7. Bf4 c6 8. Qd2
Re8 9. O-O-O Ng6 10. Bxd6 Qxd6 11. h4 Na6 12. h5 Nf8 13. f3 Nb4 14. g4 Nxd3+ 15.
Qxd3 Qh6+ 16. Kb1 Ne6 17. Rde1 Bd7 18. Rhg1 Qg5 19. Ref1 Nf4 20. Nxf4 Qxf4 21.
Re1 b5 22. Rh1 a5 23. Nd1 Qg3 24. Reg1 Qf4 25. Re1 Qg3 26. Reg1 Qf4 27. Re1 Qg3
28. Rxe8+ Rxe8 29. Qf1 Qf4 30. Qf2 Kf8 31. Rg1 b4 32. Qg3 Qxg3 33. Rxg3 Re2 34.
Kc1 f5 1/2-1/2

[Event "XXVIII Memorial Mistrza Blaszczaka Grupa C - MLODZICY"]
[Site "Wroclaw"]
[Date "1899-12-30"]
[Round "7.8"]
[White "Kalinowska, Karolina"]
[Black "Mastalarz, Jozef"]
[Result "0-1"]
[WhiteTitle "I"]
[BlackTitle "II"]
[WhiteElo "1475"]
[BlackElo "1510"]

1. e4 d5 2. exd5 Nf6 3. d4 Nxd5 4. Nf3 Bg4 5. Bc4 e6 6. Bb3 Be7 7. O-O O-O 8. h3
Bh5 9. Bd2 Nc6 10. c3 Bd6 11. Qe2 Qf6 12. Be3 Nf4 13. Qd2 Nxh3+ 14. gxh3 Qxf3
15. Bd1 Qxh3 16. Bf4 Bxd1 17. Bxd6 Bf3 18. Qg5 Qh1# 0-1

[Event "XXVIII Memorial Mistrza Blaszczaka Grupa C - MLODZICY"]
[Site "Wroclaw"]
[Date "1899-12-30"]
[Round "7.9"]
[White "Lascar, Maria Elena"]
[Black "Kosinski, Bartosz"]
[Result "0-1"]
[WhiteTitle "II"]
[BlackTitle "II"]
[WhiteElo "1320"]
[BlackElo "1457"]

1. e4 c5 2. Nf3 d6 3. d4 cxd4 4. Nxd4 Nf6 5. Nc3 g6 6. f4 Bg7 7. Bc4 O-O 8. h3
Nxe4 9. Nxe4 d5 10. Nb5 e6 11. Bxd5 exd5 12. Nec3 d4 13. O-O a6 14. Nxd4 Qxd4+
15. Qxd4 Bxd4+ 16. Kh1 Bxc3 17. bxc3 Bf5 18. Rf2 Nd7 19. g4 Be4+ 20. Kh2 Rac8
21. Re2 f5 22. Bb2 Rc4 23. gxf5 Bxf5 24. Rf2 Re8 25. Rg1 Nc5 26. Rd2 Na4 27. Ba1
Nxc3 28. Bxc3 Rxc3 29. Rd5 Rxc2+ 30. Kg3 Re3+ 31. Kh4 Rxh3+ 32. Kg5 Kf7 33. Rxf5+
gxf5 34. Kxf5 Rxa2 35. Ke5 Rf2 36. f5 Rh5 37. Ke4 Rhxf5 0-1

[Event "XXVIII Memorial Mistrza Blaszczaka Grupa C - MLODZICY"]
[Site "Wroclaw"]
[Date "1899-12-30"]
[Round "7.10"]
[White "Kraszewska, Barbara"]
[Black "Korolewicz, Pawel"]
[Result "1-0"]
[WhiteTitle "II"]
[BlackTitle "II"]
[WhiteElo "1269"]
[BlackElo "1343"]

1. e4 e5 2. Nf3 Nc6 3. d4 exd4 4. Nxd4 Bc5 5. Nxc6 Qf6 6. Qe2 dxc6 7. h3 Ne7 8.
Nc3 O-O 9. Be3 Bb4 10. Bd2 Be6 11. a3 Bc5 12. Be3 Bd6 13. O-O-O Bxa3 14. Qd2 Bb4
15. Bd4 Qg6 16. Qe3 c5 17. Bxc5 Bxc5 18. Qxc5 Nc6 19. Kb1 Rad8 20. Rxd8 Rxd8 21.
Qe3 a6 22. g3 Qh5 23. Bg2 Nd4 24. g4 Qa5 25. Rd1 c5 26. b3 h6 27. Ne2 Nxe2 28.
Rxd8+ Qxd8 29. Qxe2 Qd4 30. Qe1 c4 31. bxc4 Qxc4 32. Qa5 Qe2 33. Qb6 Qb5+ 34.
Qxb5 axb5 35. Kb2 Kf8 36. Kc3 Ke7 37. f4 Kd6 38. Kb4 Bc4 39. e5+ Ke6 40. Kc5 f6
41. exf6 gxf6 42. Bxb7 Bf1 43. Bd5+ Ke7 44. h4 Be2 45. g5 fxg5 46. hxg5 h5 47.
f5 Bc4 48. Be4 Kf7 49. f6 h4 50. c3 h3 51. Kd6 Bf1 52. Bd5+ Kf8 53. g6 Bg2 54.
g7+ 1-0

[Event "XXVIII Memorial Mistrza Blaszczaka Grupa C - MLODZICY"]
[Site "Wroclaw"]
[Date "1899-12-30"]
[Round "7.14"]
[White "Ziemiecki, Dawid"]
[Black "Joniak, Grzegorz"]
[Result "0-1"]
[WhiteTitle "III"]
[BlackTitle "II"]
[WhiteElo "1236"]
[BlackElo "1314"]

1. e4 e5 2. Nf3 Nc6 3. Bc4 Nf6 4. Ng5 d5 5. exd5 Na5 6. Qe2 Nxc4 7. Qxc4 Qxd5 8.
Qxd5 Nxd5 9. O-O Bf5 10. d3 f6 11. Ne4 Bxe4 12. dxe4 Nb4 13. Na3 Nc6 14. Be3 Bxa3
15. bxa3 a6 16. Rfd1 O-O 17. Rd7 Rac8 18. Bc5 Rfd8 19. Rad1 Rxd7 20. Rxd7 Rd8
21. Rxd8+ Nxd8 22. Be3 Nc6 23. f3 Na5 24. Bc1 Nc4 25. Kf2 Kf7 26. g3 Ke6 27. f4
h6 28. f5+ Kd6 29. Ke2 Kc5 30. Kd3 Kb5 31. Kc3 Nd6 32. Kd3 Ka4 33. c4 c5 34. h4
b5 35. cxb5 axb5 36. g4 Nf7 37. Be3 Nd6 38. g5 hxg5 39. hxg5 Nxe4 0-1

[Event "XXVIII Memorial Mistrza Blaszczaka Grupa C - MLODZICY"]
[Site "Wroclaw"]
[Date "1899-12-30"]
[Round "8.1"]
[White "Adamczewski, Maciej"]
[Black "Miszkielo, Bartosz"]
[Result "1-0"]
[WhiteTitle "I"]
[BlackTitle "II+"]
[WhiteElo "1824"]
[BlackElo "1618"]

1. d4 Nf6 2. Nf3 c5 3. d5 e6 4. c4 exd5 5. cxd5 d6 6. g3 g6 7. Bg2 Bg7 8. Nc3 O-O
9. O-O a6 10. a4 Re8 11. Nd2 b6 12. Nc4 Ng4 13. Ne4 Bf8 14. h3 Ne5 15. Bg5 Be7
16. Ncxd6 Rf8 17. Nxc8 Bxg5 18. Nxg5 Qxc8 19. Rc1 Qd8 20. Qd2 h6 21. Nf3 Nxf3+
22. Bxf3 Kh7 23. Kg2 Nd7 24. Qc3 Rc8 25. Rfe1 Re8 26. h4 Ne5 27. h5 Qd6 28. e4
g5 29. Be2 a5 30. Bc4 Rg8 31. f3 Rc7 32. Kf2 Rcc8 33. Re3 Rc7 34. b3 Rcc8 35.
Rg1 Rcd8 36. Rg2 Rc8 37. Ke2 Rcd8 38. Kd2 Rg7 39. Kc1 Rdg8 40. Kb2 Rd8 41. Ree2
Rdg8 42. Ka2 f6 43. Ref2 Kh8 44. Qc2 Qd8 45. Qd2 Qd7 46. Bb5 Qh3 47. Be2 Kh7 48.
g4 Qh4 49. Bf1 Rd7 50. Rg1 Rd6 51. Qe2 Rd7 52. Rh2 Nxf3 53. Rxh4 Nxg1 54. Qf2
gxh4 55. Qf5+ 1-0

[Event "XXVIII Memorial Mistrza Blaszczaka Grupa C - MLODZICY"]
[Site "Wroclaw"]
[Date "1899-12-30"]
[Round "8.2"]
[White "Woloch, Oskar"]
[Black "Laszczak, Przemyslaw"]
[Result "1-0"]
[WhiteTitle "II"]
[BlackTitle "II+"]
[WhiteElo "1707"]
[BlackElo "1507"]

1. e4 c6 2. Nc3 d5 3. Nf3 Bg4 4. h3 Bh5 5. Be2 e6 6. O-O Nd7 7. d4 dxe4 8. Nxe4
Ngf6 9. Ng3 Bg6 10. Bd3 Be7 11. Bxg6 hxg6 12. c4 Qb6 13. Qe2 O-O 14. Be3 c5 15.
Rfd1 cxd4 16. Bxd4 Bc5 17. Ne4 Nxe4 18. Qxe4 Bxd4 19. Qxd4 Rfd8 20. Qxb6 Nxb6
21. b3 Kf8 22. Ne5 Ke7 23. f4 a5 24. a4 Kf6 25. h4 Ke7 26. Kf2 Rh8 27. g3 Rad8
28. Ke3 Rhf8 29. Rac1 Nd7 30. Nd3 b6 31. Ne5 Nxe5 32. fxe5 f6 33. exf6+ gxf6 34.
Rxd8 Rxd8 35. c5 Rc8 36. b4 axb4 37. cxb6 Rb8 38. a5 Kd7 39. Rb1 Kc6 40. Rxb4
Kb7 41. Rc4 Ra8 42. Rc5 Ra6 43. g4 Ra8 44. Rc7+ Kb8 45. Rc5 Kb7 46. h5 gxh5 47.
gxh5 e5 48. Rc7+ Ka6 49. Ra7+ Rxa7 50. bxa7 Kxa7 51. h6 Ka6 52. h7 Kxa5 53. h8=Q
Kb5 54. Qxf6 1-0